000 02988nab a2200241 ab4500
005 20260526110001.0
008 251016c2025 ve fr poo# #00| spa d
003
040 _aMX-MxUPN
_bspa
_cMX-MxUPN
_eaacr2
100 1 _aPernalete Anaya, Lady Diana
_959704
245 1 _aRepresentación social subyacente en el discurso paradigmático de los tutores noveles y expertos de maestría de la Universidad Pedagógica Experimental Libertador
_h[recurso electrónico en línea]
506 0 _aAcceso abierto
520 3 _aEl estudio es una investigación de campo de naturaleza cualitativa, orientada bajo el paradigma interpretativo y con el abordaje fenomenológico-hermenéutico. Su intención ha sido develar, interpretar, comprender y generar la representación social subyacente en el discurso paradigmático de los tutores noveles y expertos de maestría de la UPEL-IPB. El muestreo teórico es intencional, puesto que se escuchan la opinión los actores sociales. La observación participante y la entrevista permitieron recoger la información necesaria para visualizar un panorama amplio del fenómeno. Además aportaron los insumos para la producción del conocimiento; es importante resaltar, que el guion facilitó a los actores sociales relatar sus opiniones y anécdotas. Las mismas, pasaron por un proceso de categorización que luego fue triangulada con los diferentes autores y con el capital intelectual que posee la investigadora con respecto al discurso paradigmático. De la interpretación emergieron las siguientes categorías: Prestigio académico en la comunidad discursiva, Afinidades Académico- Discursivas. Competencia Lingüística y Comunicativa del Tutor, Hacia la Producción Coherente del Discurso Paradigmático, Protagonismo Tutorial en la Producción del Discurso Paradigmático, Una Distinción a la Primacía Paradigmática, Una Caja de Herramientas para la Construcción Discursiva y Una Mesa Cuadrada para la Producción de Conocimiento. Con las reflexiones se confirma que la representación social subyacente en el discurso está en el camino de la generación de conocimientos a través del discurso, de la experiencia propia y de los demás, lo cierto es que se está en la tarea de buscar la verdad de cada orientación discursiva y que son múltiples cada uno con una forma y un fondo específico con el paradigma, en otras palabras, el discurso se construye desde la base de la teoría y su aplicabilidad en la realidad de cada actor social.
_cREDINE
650 4 _aRepresentaciones sociales
_915877
653 _aDiscurso paradigmático
653 _aComunidad discursiva
650 4 _aTutoría en la educación
_95718
773 _gVol. 17, no. 1 (2025), p. 1-13
_tREDINE : red de investigación educativa
_x2244–7997
856 4 _uhttps://revistas.uclave.org/index.php/redine/article/view/5127
856 4 _uhttps://revistas.uclave.org/index.php/redine/article/view/5127/3662
902 _aLeonor Sotres/260526
942 _cART-E
999 _c215206
_d215206